000 00624cam a22002293a 4500
001 14441
003 PGUSA
005 20140828083317.0
008 041224s2004||||xxu|||||s|||||000 | eng d
040 _aPGUSA
_beng
042 _adc
050 4 _aML
100 1 _aRunciman, John F.,
_d1866-1916
245 1 0 _aWagner
_h[electronic resource] /
_cJohn F. Runciman
260 _bProject Gutenberg,
_c2004
506 _aPublic domain in the USA.
516 _aElectronic text
653 _aWagner, Richard, 1813-1883
830 0 _aProject Gutenberg
_v14441
856 4 0 _uhttp://www.gutenberg.org/ebooks/14441
942 _cEB
999 _c243696
_d243696